000 00926nam a22003017a 4500
001 32886
003 BD-RjUL
005 20211209051918.0
008 140429r19681960enk a 000 0 eng
020 _a042940443
020 _a042940451
035 _a(BD-RjUL)32976
040 _aDLC
_cDLC
_beng
_dBD-RjUL
041 _aeng
082 _a294.53
_bRAH 1968
100 1 _aRadhakrishnan, S.
_q(Sarvepalli),
_d1888-1975.
_94068
245 1 4 _aThe Hindu view of life /
_cby S. Radhakrishnan.
260 _aLondon :
_bUnwin,
_c1960 [Reprint 1968].
300 _a92 p. ;
_c19 cm.
500 _a"First published in Great Britain, January 1927"--T.p. verso.
500 _aMaster microform held by: ICRL.
650 0 _aHinduism.
_999976
830 0 _vitem 07435.
_9100102
830 0 _aSAMP early 20th-century Indian books project ;
_9100103
942 _2ddc
_cBK
999 _c32886
_d32886